| 000 -LEADER |
| fixed length control field |
00305nam a2200109 4500 |
| 082 ## - DEWEY DECIMAL CLASSIFICATION NUMBER |
| Classification number |
TNC I51 K29 |
| 100 ## - MAIN ENTRY--PERSONAL NAME |
| Personal name |
Knapp, John, G. Charter, Jimmy. |
| 9 (RLIN) |
22335 |
| 245 ## - TITLE STATEMENT |
| Title |
For the common good |
| 260 ## - PUBLICATION, DISTRIBUTION, ETC. (IMPRINT) |
| Place of publication, distribution, etc |
London |
| Name of publisher, distributor, etc |
Praeger |
| Date of publication, distribution, etc |
2007 |
| 300 ## - PHYSICAL DESCRIPTION |
| Extent |
174p, |
| 650 ## - SUBJECT ADDED ENTRY--TOPICAL TERM |
| Topical term or geographic name as entry element |
Leadership – Moral and ethical aspects |
| 9 (RLIN) |
22336 |